Normal view MARC view

Entry Topical Term

Number of records used in: 1

001 - CONTROL NUMBER

  • control field: 2008

003 - CONTROL NUMBER IDENTIFIER

  • control field: dpl

005 - DATE AND TIME OF LATEST TRANSACTION

  • control field: 20100728112340.0

008 - FIXED-LENGTH DATA ELEMENTS

  • fixed length control field: 100728|||a|||||| | ||| d

040 ## - CATALOGING SOURCE

  • Original cataloging agency: dpl
  • Transcribing agency: dpl

150 ## - HEADING--TOPICAL TERM

  • Topical term or geographic name as entry element: विद्यार्थी-अध्यापक संबंध

670 ## - SOURCE DATA FOUND

  • Source citation: Work cat.: (dpl)28921: सुखोम्लीन्स्की, वसीली 2007, बचपन के दिन /, 2008

670 ## - SOURCE DATA FOUND

  • Source citation: Work cat.: (dpl)28921: सुखोम्लीन्स्की, वसीली 2007, बचपन के दिन /, 2008

© Delhi Public Library
Hit Counter
free hit counter